| 000 | 01065nam a22003255a 4500 | ||
|---|---|---|---|
| 999 |
_c10050 _d10050 |
||
| 003 | EG-ScBUE | ||
| 005 | 20210321095306.0 | ||
| 008 | 080803r20071989le f 000 1 eng d | ||
| 020 | _a995310171X | ||
| 020 | _a9789953101712 | ||
| 040 |
_aEG-ScBUE _beng _erda _cEG-ScBUE _dEG-ScBUE |
||
| 082 | 0 | 4 |
_a823.5 _bDEF _222 |
| 100 | 1 |
_aDe Foe, Daniel, _eauthor. _934876 |
|
| 245 | 1 | 0 |
_aRobinson Crusoe : _bwith an introduction, a guide, notes and a glossary / _cDaniel Defoe. |
| 250 | _bReprinted edition. | ||
| 264 | 1 |
_aBeirut : _bYork Press, _c2007. |
|
| 300 |
_axxiv, 309 pages : _c22 cm. |
||
| 336 |
_2rdacontent _atext _btxt |
||
| 337 |
_2rdamedia _aunmediated _bn |
||
| 338 |
_2rdacarrier _avolume _bnc |
||
| 490 | 0 | _aYork classics | |
| 590 | _ayassmeen ashraf | ||
| 600 | 1 | 7 |
_aCrusoe, Robinson (Fictitious character) _vFiction. _2BUEsh |
| 650 | 7 |
_aShipwreck survival _vFiction. _2BUEsh |
|
| 650 | 7 |
_aCastaways _vFiction. _2BUEsh |
|
| 651 | _2BUEsh | ||
| 653 |
_cAugust2015 _bHHUUEENN |
||
| 655 |
_vReading book _934232 |
||
| 942 |
_cBB _k823DEF _2ddc |
||